00345nam a2200145Ia 4500008004100000020001500041041001200056082001600068100001500084245004400099250000800143260002500151300000800176650001500184221030s9999 xx 000 0 und d a0070581908 aEnglish a105.23bSek aU. Sekaran 0aOrganisational Behaviour : Text & Cases a2nd bTMHaNew Delhic2004 a359 aManagement